000 00302nam a22001337a 4500
008 170911b xxu||||| |||| 00| 0 eng d
020 _a001311596
041 _aeng
080 _a53
100 _a43
101 _aFIZ
245 _aGROUNDWORK OF THE METAPHYSIC OF MORALS
_cPATON,H,J
942 _2udc
_cBK
999 _c27169
_d27169